Music Quiz

Random Music or Song Quiz

101 Song 'B' Words Quiz Stats

 Plays Quiz Updated Mar 4, 2018

Also try: 101 Song 'A' Words
Challenge
Share
Tweet
Embed
Score 0/101 Timer 15:00
5 Plays Today
% Correct
Bites
89.9%
Ball
89.8%
Bottle
89.6%
Before
89.6%
Back
89.1%
Boots
89.1%
Breath
89%
Bohemian
89%
Be
89%
Bad
88.9%
Breaking
88.9%
Broken
88.6%
Bills
88.1%
Big
88%
Breaky
87.6%
Boogie
87.2%
Better
87.1%
Built
87.1%
Been
87%
By
86.8%
Begun
86.6%
Bang
86.1%
Between
85.9%
Bridge
85.8%
Being
85.4%
Beneath
85.4%
Brick
85.3%
Bell
85.2%
Buy
85.1%
Bees
84.6%
Boom
84.5%
Booty
83.7%
Baby
83.6%
Bread
83.5%
% Correct
Bamba
83.2%
Blurred
83.1%
Blame
82.6%
Belong
82.5%
Believer
82.1%
Battlefield
82%
Beautiful
82%
Billie
81.9%
Boulevard
81.9%
Bump
81.8%
Bay
81.5%
Bended
81.3%
Bangkok
81.3%
Born
80.3%
Bass
80%
Bennie
79.8%
Brown
79.6%
Barbara
79.3%
Because
79.1%
Block
79.1%
Bust
78.9%
Band
78.4%
Bette
78.4%
Buttercup
78.1%
Behind
76.8%
Bobby
76%
Blank
75.8%
Body
75.7%
Bring
75.3%
Blaze
75.1%
Blinded
74.6%
Beat
73.9%
Bonita
73.6%
Brand
72.8%
% Correct
Break
72.1%
Blood
71.7%
Baron
71.5%
Banjos
70.8%
Believe
70.3%
B
70.1%
Blitz
69.4%
Believes
69.2%
Blow
67.8%
Beret
66.3%
Baker
66.3%
Bow
65.8%
Best
65.5%
Blooded
65%
Burning
64.8%
Boys
64.3%
Breakdown
64.1%
Black
63.4%
Busy
62.7%
Bully
62.6%
Billy
62.5%
Bleeding
62.5%
Boat
61.9%
Blue
60.3%
Berets
60.3%
Bling
59.6%
Bayou
58.5%
Bit
58.3%
Boo
57%
Brain
54.1%
Boy
54%
Beethoven
52.2%
Benjamins
51.1%

You're not logged in!

Compare scores with friends on all Sporcle quizzes.
OR
Log In

You Might Also Like...

Show Comments

Extras

Top Quizzes Today


Score Distribution

Your Account Isn't Verified!

In order to create a playlist on Sporcle, you need to verify the email address you used during registration. Go to your Sporcle Settings to finish the process.

Report this User

Report this user for behavior that violates our Community Guidelines.

Details: